000 00491nam a2200169Ia 4500
008 191130s2009##################000#0#eng##
020 _a9788183762212
040 _aACL
_cACL
082 _a338.925 BAB
100 _aAgarwal, Babita
245 _aGlobalization and Indian society
_cBabita Agarwal ; Anil Agarwal
260 _a[no place]
_b[publisher not identified]
_c2009
700 _aAgarwal, Anil
990 _a53f4b7deac10000c2652363c3b7e00eb
991 _a299018
999 _c195641
_d195641